Catálogo
 En Linea

Ordenancas del Bven Govierno de la Armada del Mar Oceano... (Registro nro. 41263)

Detalles MARC
000 -CABECERA
campo de control de longitud fija 00298nam a2200109 a 4500
005 - FECHA Y HORA DE LA ÚLTIMA TRANSACCIÓN
campo de control 20201002035739.0
008 - DATOS DE LONGITUD FIJA--INFORMACIÓN GENERAL
campo de control de longitud fija 131017s1678 000 spa d
020 ## - NÚMERO INTERNACIONAL ESTÁNDAR DEL LIBRO
Número Internacional Estándar del Libro Barcelona
040 ## - FUENTE DE LA CATALOGACIÓN
Centro catalogador/agencia de origen DO-SdBNP
245 #0 - MENCIÓN DE TÍTULO
Título Ordenancas del Bven Govierno de la Armada del Mar Oceano...
260 ## - PUBLICACIÓN, DISTRIBUCIÓN, ETC.
Lugar de publicación, distribución, etc. Barcelona,
Fecha de publicación, distribución, etc. 1678.

No hay ítems disponibles.

Con tecnología Koha